[Event "Gibraltar Masters 2019"]
[Site "Caleta ENG"]
[Date "2019.01.26"]
[Round "5.109"]
[White "Crespo,E"]
[Black "Dasaolu,R"]
[Result "1-0"]
[WhiteElo "2169"]
[BlackElo "2038"]

1.e4 c6 2.d4 d5 3.Nc3 dxe4 4.Nxe4 Nf6 5.Nxf6+ exf6 6.Nf3 Bd6 7.Bd3 O-O 8.O-O Nd7
9.Re1 Re8 10.Be3 Nf8 11.h3 Be6 12.c4 a5 13.b3 Qc7 14.Qc2 Bf4 15.Qd2 Bxe3
16.Rxe3 Red8 17.Rd1 Rd6 18.Re2 Rad8 19.Qe3 R6d7 20.Nh2 Ng6 21.Bc2 Nf4 22.Red2 Re7
23.Qf3 Rde8 24.Nf1 Bc8 25.Ne3 Qd6 26.Bd3 g6 27.Bf1 Kg7 28.g3 Ne6 29.h4 Nf8
30.c5 Qd8 31.d5 cxd5 32.Rxd5 Qc7 33.h5 Be6 34.h6+ Kxh6 35.Qxf6 Nd7 36.Rh5+  1-0

[Event "Gibraltar Masters 2019"]
[Site "Caleta ENG"]
[Date "2019.01.26"]
[Round "5.34"]
[White "Vaibhav,S"]
[Black "Batsiashvili,N"]
[Result "1-0"]
[WhiteElo "2590"]
[BlackElo "2459"]

1.e4 c6 2.d4 d5 3.e5 Bf5 4.Nd2 e6 5.Nb3 Nd7 6.Nf3 Ne7 7.Be2 Ng6 8.O-O h5
9.Ne1 c5 10.dxc5 Ngxe5 11.Nd4 g6 12.b4 Bg7 13.Rb1 h4 14.h3 Kf8 15.Bf4 Bf6
16.Nef3 a5 17.a3 axb4 18.axb4 Nxf3+ 19.Bxf3 e5 20.Nxf5 gxf5 21.Bh2 e4 22.Qxd5 Ne5
23.Rbd1 Qe7 24.Be2 Rg8 25.Kh1 Ra3 26.f4 Nc6 27.b5 Nb4 28.Qxf5 Nxc2 29.Rd7 Qe8
30.c6 bxc6 31.bxc6 Bd4 32.Bh5 Rg7 33.c7 Ra8 34.Bxf7 Ne3 35.Bxe8+ Nxf5 36.Rd8 Rxc7
37.Rxa8 Kg7 38.Ra2  1-0

[Event "Gibraltar Masters 2019"]
[Site "Caleta ENG"]
[Date "2019.01.26"]
[Round "5.35"]
[White "Cornette,M"]
[Black "Sadhwani,Raunak"]
[Result "1-0"]
[WhiteElo "2587"]
[BlackElo "2451"]

1.e4 d6 2.d4 Nf6 3.Nc3 g6 4.Bf4 c6 5.Qd2 b5 6.e5 Nh5 7.Be3 dxe5 8.dxe5 Qxd2+
9.Bxd2 Nd7 10.g4 b4 11.gxh5 bxc3 12.Bxc3 Bg7 13.Bg2 Bb7 14.O-O-O O-O-O 15.hxg6 hxg6
16.e6 Bh6+ 17.Kb1 Nc5 18.Ne2 f6 19.Nd4 Na4 20.Ba5 Rd6 21.b3 c5 22.Bxb7+ Kxb7
23.Nf3 Ka6 24.Rxd6+ exd6 25.Bd2 Bxd2 26.Nxd2 Nc3+ 27.Kb2 Ne2 28.Re1 Nd4 29.e7 Re8
30.Nc4 Nf5 31.Nxd6 Rxe7 32.Rxe7 Nxe7 33.Ne4 Kb5 34.Nxf6 Nf5 35.Kc3  1-0

[Event "Gibraltar Masters 2019"]
[Site "Caleta ENG"]
[Date "2019.01.26"]
[Round "5.36"]
[White "Kozak,Adam"]
[Black "Mikhalevski,V"]
[Result "1/2-1/2"]
[WhiteElo "2425"]
[BlackElo "2581"]

1.Nf3 Nf6 2.c4 b6 3.g3 Bb7 4.Bg2 g6 5.b3 e5 6.Bb2 d6 7.O-O Bg7 8.d4 exd4
9.Bxd4 O-O 10.Nc3 Nc6 11.Rc1 Re8 12.Re1 Qd7 13.Nd2 Qf5 14.Bxf6 Qxf6 15.e3 Rab8
16.Nd5 Qd8 17.Nf3 a5 18.Qd2 Qc8 19.Red1 Nd8 20.Ng5 Ne6 21.Ne4 Qd8 22.Qc2 Bc8
23.a3 Bd7 24.b4 axb4 25.axb4 Ra8 26.Ndc3 Rb8 27.Ra1 Nf8 28.Ra7 Bf5 29.Nb5 Re7
30.Rd5 Be6 31.Rd1 Bf5 32.Rd5 Be5 33.Rd1 c6 34.Rxe7 Qxe7 35.Nd4 Bxd4 36.Rxd4 Ne6
37.Rd2 Ng5 38.f3 Re8 39.Qc3 Bxe4 40.fxe4 Nxe4 41.Bxe4 Qxe4 42.Rxd6 c5 43.b5 h5
44.Qd3 Qe7 45.Rxb6 Rd8 46.Qe2 Qe4 47.Rf6 Ra8 48.Ra6 Rd8 49.Rf6 Ra8 50.Ra6 Rd8  1/2-1/2

[Event "Gibraltar Masters 2019"]
[Site "Caleta ENG"]
[Date "2019.01.26"]
[Round "5.37"]
[White "Santos Latasa,J"]
[Black "Barski,R"]
[Result "1-0"]
[WhiteElo "2581"]
[BlackElo "2458"]

1.d4 Nf6 2.c4 e6 3.g3 d5 4.Nf3 Bb4+ 5.Bd2 Be7 6.Bg2 O-O 7.O-O Nbd7 8.Qb3 c6
9.Bf4 a5 10.Qc2 Ne4 11.Rd1 g5 12.Bc1 f5 13.b3 Bf6 14.Bb2 a4 15.e3 Qe8 16.Ba3 Rf7
17.Nc3 h5 18.Ne1 h4 19.Ne2 hxg3 20.hxg3 Be7 21.Bxe7 Rxe7 22.f3 Nef6 23.f4 Ng4
24.Qd2 Qh5 25.Nf3 Ndf6 26.fxg5 Ne4 27.Nf4 Nxd2 28.Nxh5 Nxf3+ 29.Bxf3 Nxe3
30.Rdc1 axb3 31.axb3 Rxa1 32.Rxa1 dxc4 33.Kf2 Nc2 34.Ra8 cxb3 35.Nf6+ Kg7
36.Rxc8 Kg6 37.Rg8+ Rg7 38.Bh5+ Kxg5 39.Rxg7+ Kxf6 40.Rxb7 Nxd4 41.Bd1  1-0

[Event "Gibraltar Masters 2019"]
[Site "Caleta ENG"]
[Date "2019.01.26"]
[Round "5.38"]
[White "Solozhenkin,E"]
[Black "Muzychuk,A"]
[Result "1/2-1/2"]
[WhiteElo "2427"]
[BlackElo "2569"]

1.d4 Nf6 2.c4 g6 3.Nc3 d5 4.Nf3 Bg7 5.h4 c6 6.cxd5 cxd5 7.Bf4 Nc6 8.e3 O-O
9.Ne5 Nxe5 10.Bxe5 Ne4 11.Bxg7 Nxc3 12.bxc3 Kxg7 13.Qd2 h5 14.c4 dxc4 15.Bxc4 Bf5
16.d5 Rc8 17.Bb3 e6 18.Rd1 exd5 19.Qxd5 Qf6 20.O-O b6 21.Qd4 Rfd8 22.Qa4 a5
23.e4 Bg4 24.Rxd8 Rxd8 25.Qb5 Rd2 26.e5 Qd8 27.Qc6 Rd4 28.Re1 Rf4 29.Bd5 Qd7
30.Qxd7 Bxd7 31.e6 fxe6 32.Bxe6 Bxe6 33.Rxe6 Rxh4 34.Rxb6 Ra4 35.Rb2 h4 36.Kh2 Ra3
37.f3 g5  1/2-1/2

[Event "Gibraltar Masters 2019"]
[Site "Caleta ENG"]
[Date "2019.01.26"]
[Round "5.108"]
[White "Bianco,V"]
[Black "Whatley,Stephen A J"]
[Result "1-0"]
[WhiteElo "2018"]
[BlackElo "2171"]

1.d4 f5 2.Nf3 Nf6 3.Bg5 e6 4.Nbd2 Be7 5.e3 O-O 6.Bd3 b6 7.Bxf6 Bxf6 8.e4 d5
9.exf5 exf5 10.O-O c5 11.c3 Qd6 12.Re1 Nc6 13.Bb5 Nd8 14.dxc5 Qxc5 15.Bd3 g6
16.Nb3 Qd6 17.Nbd4 Ne6 18.Nxe6 Bxe6 19.Bc2 Rad8 20.Qd2 Bf7 21.Rad1 b5 22.Nd4 Rb8
23.a3 Rfd8 24.h3 Rd7 25.Bb3 a5 26.Qd3 b4 27.cxb4 axb4 28.a4 Qb6 29.Re2 Re7
30.Rxe7 Bxe7 31.a5 Qd6 32.Rc1 Ra8 33.Qb5 Rb8 34.Qc6 Qe5 35.Rd1 Rd8 36.Qc2 Bd6
37.g3 Qe4 38.Qxe4 fxe4 39.Nc6 Rc8 40.Rc1 Kg7 41.a6 Be5 42.Rc2 Bd6 43.Kf1 Ra8
44.a7 e3 45.fxe3 Bxg3 46.Kg2 Bc7 47.Nd4 Bb6 48.Nb5 Kf8 49.Rc6 Bxe3 50.Kf3 Bg1
51.Rc7 Bg8 52.Rb7 Bxa7 53.Nxa7 Be6 54.h4 Kg8 55.Kg3 Re8 56.Rxb4 Bf7 57.Kf2 Rf8
58.Ke3 Re8+ 59.Kd2 h6 60.Nc6 Kg7 61.Rd4 g5 62.hxg5 h5 63.Bxd5 Bxd5 64.Rxd5 h4
65.Rd6 h3 66.Rh6 Rh8 67.Nd4 Rxh6 68.Nf5+ Kg6 69.gxh6 h2 70.Ng3 Kxh6 71.Ke3 Kg5
72.Kf3 Kf6 73.Kg2 Ke5 74.Ne2 Kd5 75.Nc1  1-0

[Event "Gibraltar Masters 2019"]
[Site "Caleta ENG"]
[Date "2019.01.26"]
[Round "5.107"]
[White "Movileanu,Daniela"]
[Black "Munoz,Ra"]
[Result "1-0"]
[WhiteElo "2174"]
[BlackElo "2040"]

1.e4 c5 2.Nf3 e6 3.d4 cxd4 4.Nxd4 Nf6 5.Nc3 d6 6.Be3 a6 7.Be2 Be7 8.f4 Qc7
9.Qd2 O-O 10.O-O-O Nc6 11.g4 Nxd4 12.Bxd4 e5 13.Be3 exf4 14.Bxf4 Be6 15.g5 Nd7
16.Bxd6 Bxd6 17.Qxd6 Qa5 18.Qg3 Nc5 19.Qe3 Rac8 20.Kb1 Rfe8 21.a3 b5 22.Rd4 Qc7
23.Qd2 Qe5 24.h4 Nb7 25.Rd1 Qc7 26.h5 Rcd8 27.h6 g6 28.Bf3 Rc8 29.Nd5 Bxd5
30.Rxd5 Nc5 31.Bg4 Nxe4 32.Qd4 f5 33.gxf6 Qxc2+ 34.Ka1 Rc7 35.Rd7 Qc4 36.Qxc4+  1-0

[Event "Gibraltar Masters 2019"]
[Site "Caleta ENG"]
[Date "2019.01.26"]
[Round "5.106"]
[White "Carreto Nieto,G"]
[Black "Hamer,M"]
[Result "1-0"]
[WhiteElo "2174"]
[BlackElo "2046"]

1.e4 e5 2.Nf3 Nc6 3.Bc4 Nf6 4.d4 exd4 5.e5 d5 6.Bb5 Ne4 7.Nxd4 Bd7 8.Bxc6 bxc6
9.O-O c5 10.Ne2 c6 11.c4 Bf5 12.Qa4 Bd7 13.f3 Ng5 14.f4 Ne4 15.Nd2 Nxd2 16.Bxd2 Qc7
17.Ba5 Qb8 18.f5 Qxe5 19.Rae1 Qd6 20.Nc3+ Be7 21.cxd5 cxd5 22.Qh4 f6 23.Bc7 Qc6
24.Qg3 Rf8 25.Qxg7 Rf7 26.Qg8+ Rf8 27.Rxe7+ Kxe7 28.Re1+  1-0

[Event "Gibraltar Masters 2019"]
[Site "Caleta ENG"]
[Date "2019.01.26"]
[Round "5.105"]
[White "Lim,Z"]
[Black "Hng,Mei-En Emmanuelle"]
[Result "1/2-1/2"]
[WhiteElo "2178"]
[BlackElo "2071"]

1.Nf3 c5 2.g3 Nc6 3.Bg2 Nf6 4.O-O g6 5.d3 Bg7 6.Nc3 d5 7.a3 O-O 8.Bg5 Be6
9.Rb1 Rc8 10.Nd2 Ne8 11.Nf3 Nd6 12.Bf4 d4 13.Na4 b6 14.c4 dxc3 15.Nxc3 Na5
16.Bxd6 exd6 17.Nd2 a6 18.Nd5 b5 19.e3 Nc6 20.Qe2 Ne7 21.Nf4 Bd7 22.Rfc1 Bc6
23.Ne4 Bxe4 24.Bxe4 d5 25.Bg2 Qd6 26.Bh3 Rc7 27.b3 c4 28.b4 Be5 29.Ng2 Qf6
30.d4 Bd6 31.Ne1  1/2-1/2

[Event "Gibraltar Masters 2019"]
[Site "Caleta ENG"]
[Date "2019.01.26"]
[Round "5.104"]
[White "Phadke,So1"]
[Black "Kandic,Mila"]
[Result "1-0"]
[WhiteElo "2191"]
[BlackElo "2136"]

1.e4 d6 2.Nc3 c5 3.f4 Nc6 4.Nf3 g6 5.Bb5 Bg7 6.O-O e6 7.Bxc6+ bxc6 8.d3 Ne7
9.Qe1 O-O 10.Kh1 d5 11.Na4 c4 12.e5 cxd3 13.cxd3 a5 14.Bd2 d4 15.Rc1 Ra6
16.b3 h5 17.Rc4 Nf5 18.Qe4 Qd5 19.Nxd4 Rd8 20.Nxf5 Qxe4 21.Ne7+ Kf8 22.dxe4 Kxe7
23.Be3 Ke8 24.Rfc1 Bf8 25.Bb6 Ba3 26.Bxd8 Bxc1 27.Bg5 Ba3 28.Rd4 Bd7 29.h3 c5
30.Rd2 Bb4 31.Rd1 Ba3 32.Rd2 Bb4 33.Rd3 Ba3 34.g4 Rc6 35.gxh5 gxh5 36.Bf6 c4
37.bxc4 Rxc4 38.Nb6 Rc1+ 39.Kg2 Rc2+ 40.Kg3 Bc5 41.Nxd7 Bf2+ 42.Kf3 Rxa2  1-0

[Event "Gibraltar Masters 2019"]
[Site "Caleta ENG"]
[Date "2019.01.26"]
[Round "5.103"]
[White "Pinho,P"]
[Black "Spence,D"]
[Result "1-0"]
[WhiteElo "2205"]
[BlackElo "2143"]

1.d4 e6 2.g3 c5 3.Nf3 cxd4 4.Nxd4 d5 5.Bg2 Nf6 6.O-O e5 7.Nb3 h6 8.Nc3 Be6
9.f4 exf4 10.Bxf4 Nc6 11.Kh1 g5 12.Be3 Bg7 13.Bc5 b6 14.Ba3 Ne5 15.Nd4 Nc4
16.Qd3 Nxa3 17.Nxe6 fxe6 18.Qg6+ Kf8 19.Rxf6+ Qxf6 20.Rf1 Qxf1+ 21.Bxf1 Bxc3
22.bxc3 h5 23.Qf6+ Kg8 24.Qxe6+ Kg7 25.Qe7+ Kg6 26.e3  1-0

[Event "Gibraltar Masters 2019"]
[Site "Caleta ENG"]
[Date "2019.01.26"]
[Round "5.102"]
[White "Waddington,M"]
[Black "Warakomska,A"]
[Result "0-1"]
[WhiteElo "2094"]
[BlackElo "2209"]

1.Nc3 d5 2.e4 d4 3.Nce2 e5 4.Ng3 Be6 5.Nf3 f6 6.Be2 Nc6 7.O-O Qd7 8.d3 O-O-O
9.c3 Nge7 10.Qc2 h5 11.cxd4 exd4 12.e5 Ng6 13.exf6 gxf6 14.Ne4 Qg7 15.Kh1 Rg8
16.Rg1 Bd5 17.Bd2 f5 18.Neg5 h4 19.h3 Bd6 20.b4 Nf4 21.Bd1 Qf6 22.b5 Ne7
23.Nh7 Qh6 24.b6 axb6 25.Nxd4 Qxh7 26.Nb5 Nxh3 27.Be3 Nxg1 28.Nxd6+ Rxd6
29.Qa4 Bxg2+  0-1

[Event "Gibraltar Masters 2019"]
[Site "Caleta ENG"]
[Date "2019.01.26"]
[Round "5.101"]
[White "Verneuil,P"]
[Black "Bliumberg,V"]
[Result "0-1"]
[WhiteElo "2114"]
[BlackElo "2253"]

1.e4 c5 2.b3 Nc6 3.Bb2 d6 4.Bb5 e5 5.Ne2 Nf6 6.Nbc3 Be7 7.O-O O-O 8.Bxc6 bxc6
9.d3 d5 10.Ng3 c4 11.dxc4 dxc4 12.Qxd8 Rxd8 13.Rfd1 Be6 14.Na4 Nd7 15.Bc3 f6
16.Ba5 Nb6 17.Rxd8+ Bxd8 18.Nc5 Kf7 19.Nxe6 Kxe6 20.Rd1 g6 21.Ne2 Be7 22.Kf1 f5
23.Nc3 Bc5 24.b4 Bd4 25.Ne2 Bb2 26.exf5+ gxf5 27.c3 Nd5 28.b5 cxb5 29.Rb1 Ba3
30.Rxb5 Kd6 31.g3 Kc6 32.Rb1 Bc5 33.Ng1 Re8 34.Nf3 Bb6 35.Bxb6 axb6 36.Re1 Kd6
37.Nd2 Kc5 38.Nb1 e4 39.Re2 h5 40.f3 Re7 41.fxe4 fxe4 42.Rf2 e3 43.Rf5 Ra7
44.a3 Ra5 45.Kg2 Rb5 46.Rf1 Rb2+ 47.Kf3 Rxh2 48.Ke4 Rb2 49.Rd1 e2  0-1

[Event "Gibraltar Masters 2019"]
[Site "Caleta ENG"]
[Date "2019.01.26"]
[Round "5.100"]
[White "Baert,A"]
[Black "Lane,G"]
[Result "0-1"]
[WhiteElo "2147"]
[BlackElo "2358"]

1.Nf3 d5 2.d4 Nf6 3.c4 c6 4.e3 e6 5.Nc3 Nbd7 6.Qc2 Bd6 7.Bd3 dxc4 8.Bxc4 b5
9.Bd3 Bb7 10.O-O O-O 11.e4 e5 12.Bg5 exd4 13.Nxd4 Bxh2+ 14.Kxh2 Ng4+ 15.Kg3 Qxg5
16.f4 Qd8 17.Nf5 h5 18.Rh1 g6 19.e5 Ndxe5 20.fxe5 Nxe5  0-1

[Event "Gibraltar Masters 2019"]
[Site "Caleta ENG"]
[Date "2019.01.26"]
[Round "5.99"]
[White "Hosek,Ma"]
[Black "Arakhamia-Grant,K"]
[Result "0-1"]
[WhiteElo "2153"]
[BlackElo "2372"]

1.d4 Nf6 2.c4 g6 3.Nc3 Bg7 4.e4 d6 5.f3 O-O 6.Be3 a6 7.Qd2 c6 8.g4 b5 9.h4 h5
10.Bh6 e5 11.O-O-O Nbd7 12.Bxg7 Kxg7 13.g5 Ne8 14.c5 dxc5 15.dxe5 Qa5 16.f4 b4
17.Nb1 Qxa2 18.Qc2 Nb6 19.Qxc5 Qxb2+ 20.Kxb2 Na4+ 21.Kb3 Nxc5+ 22.Kxb4 Nxe4
23.Rh2 Be6  0-1

[Event "Gibraltar Masters 2019"]
[Site "Caleta ENG"]
[Date "2019.01.26"]
[Round "5.98"]
[White "Moksh,Amit Doshi"]
[Black "Cholleti,S"]
[Result "1-0"]
[WhiteElo "2242"]
[BlackElo "2122"]

1.e4 c5 2.Nf3 d6 3.d4 cxd4 4.Nxd4 Nf6 5.Nc3 a6 6.h3 e6 7.g4 Be7 8.g5 Nfd7
9.h4 b5 10.a3 Bb7 11.Be3 Nc6 12.Nxc6 Bxc6 13.Qd4 e5 14.Qd2 Qa5 15.f3 Rb8
16.Bh3 Qc7 17.h5 Nb6 18.b3 Rd8 19.g6 hxg6 20.hxg6 fxg6 21.O-O-O d5 22.Qg2 Bxa3+
23.Kb1 d4 24.Qxg6+ Kf8 25.Bg5 Be8 26.Be6  1-0

[Event "Gibraltar Masters 2019"]
[Site "Caleta ENG"]
[Date "2019.01.26"]
[Round "5.97"]
[White "Aguilar,A"]
[Black "Stewart,Ashley"]
[Result "0-1"]
[WhiteElo "2307"]
[BlackElo "2122"]

1.d4 Nf6 2.Nf3 g6 3.c4 Bg7 4.Nc3 O-O 5.e4 d6 6.Be2 e5 7.O-O Nc6 8.d5 Ne7
9.Ne1 Nd7 10.Nd3 f5 11.Bd2 Nf6 12.f3 f4 13.Rc1 g5 14.c5 Ng6 15.Nb5 Rf7 16.Ba5 b6
17.cxd6 cxd6 18.Be1 a6 19.Nc3 a5 20.Nb5 Bf8 21.Rc4 Rg7 22.Bf2 h5 23.Qc2 Ne8
24.Rc6 Bd7 25.h3 Rb8 26.a4 g4 27.fxg4 hxg4 28.hxg4 Nf6 29.Bf3 Nxg4 30.Rc1 Nh4
31.Ne1 Qg5 32.Rc7 Nh2 33.Bxh4 Qxh4 34.Qf2 Qh6 35.Qd2 Re8 36.R1c3 Ree7 37.Rc8 Bxc8
38.Rxc8 Rg3 39.Nc7 Rh7 40.Rxf8+ Kxf8 41.Ne6+ Kf7 42.Bd1 f3 43.Qxh6 Rxh6 44.Nxf3 Nxf3+
45.Kf2 Rg8 46.Bxf3 Rc8 47.Ke3 Rc2 48.g4 Rxb2 49.Nd8+ Kg8  0-1

[Event "Gibraltar Masters 2019"]
[Site "Caleta ENG"]
[Date "2019.01.26"]
[Round "5.95"]
[White "Bellon Lopez,JuM"]
[Black "Giulian,P"]
[Result "1-0"]
[WhiteElo "2332"]
[BlackElo "2165"]

1.d4 e6 2.Nf3 d5 3.Bf4 Bd6 4.Bg3 Nf6 5.e3 O-O 6.Nbd2 c5 7.c3 Qc7 8.Bd3 Nbd7
9.Nh4 Bxg3 10.hxg3 e5 11.Nf5 Re8 12.Kf1 cxd4 13.exd4 e4 14.Be2 Nf8 15.Ne3 Be6
16.g4 h6 17.a4 a6 18.a5 Rad8 19.g3 N8h7 20.Kg2 Ng5 21.Nb3 Rd6 22.Nc5 Bc8
23.b4 Red8 24.Re1 Nd7 25.Nf5  1-0

[Event "Gibraltar Masters 2019"]
[Site "Caleta ENG"]
[Date "2019.01.26"]
[Round "5.94"]
[White "De Haan,E"]
[Black "Torres,Federico"]
[Result "1-0"]
[WhiteElo "2337"]
[BlackElo "2196"]

1.d4 Nf6 2.c4 e6 3.Nc3 d5 4.cxd5 exd5 5.Bg5 Nbd7 6.e3 c6 7.Bd3 Bd6 8.Qc2 Nf8
9.Nge2 Ng6 10.Ng3 Bxg3 11.hxg3 Qe7 12.O-O-O Be6 13.Bxg6 fxg6 14.Qxg6+ hxg6
15.Rxh8+ Kf7 16.Rxa8 Qb4 17.f3 Nh7 18.Bf4 g5 19.Be5 a6 20.g4 Nf8 21.Rh1 Nd7
22.Bc7 c5 23.Rd1 cxd4 24.exd4 Qc4 25.Bd8 Kg6 26.Kb1 Nc5 27.Ba5 Na4 28.Re8 Kf7
29.Rb8 b6 30.Bxb6 Nxc3+ 31.bxc3 Qb5+ 32.Ka1 Qe2 33.Rb1 Qxg2 34.Bc5 Qc2 35.Bb4 Kf6
36.Rb6 Qe2 37.Rc6 Kf7 38.Bd6 Bd7 39.Rb7 Ke8 40.Rcc7 Qd1+ 41.Rb1 Qc2 42.Bb4 Qf2
43.Ra7 Bb5 44.Rh1 Bd7 45.Rh8+ Kf7 46.Rxd7+ Kf6 47.Rd6+ Kf7 48.Rc6  1-0

[Event "Gibraltar Masters 2019"]
[Site "Caleta ENG"]
[Date "2019.01.26"]
[Round "5.93"]
[White "Chen,Jonathan"]
[Black "Taboas Rodriguez,D"]
[Result "0-1"]
[WhiteElo "1884"]
[BlackElo "2357"]

1.d4 Nf6 2.c4 g6 3.Nc3 Bg7 4.e4 d6 5.Nf3 O-O 6.h3 c5 7.d5 e6 8.Bd3 exd5 9.exd5 Re8+
10.Be3 Bh6 11.O-O Bxe3 12.fxe3 Nbd7 13.Qd2 Qe7 14.Rae1 Ne5 15.Nxe5 Qxe5 16.Qf2 Kg7
17.Nb5 Re7 18.Nd4 Nh5 19.Nf3 Qg3 20.Nd2 Qxf2+ 21.Kxf2 Nf6 22.Nf3 Nd7 23.Re2 Ne5
24.Nxe5 Rxe5 25.Ke1 Bd7 26.Kd2 Rae8 27.Ref2 f5 28.Rf3 R8e7 29.h4 b5 30.b3 Be8
31.a3 Rb7 32.Rb1 Rb6 33.Rf4 a5 34.Rff1 Re7 35.Rfe1 Kf6 36.g3 bxc4 37.bxc4 Reb7
38.Rxb6 Rxb6 39.Kc3 Ba4 40.Rb1 Rxb1 41.Bxb1 Ke5 42.Bd3 Kf6 43.Be2 g5 44.Kd3 Be8
45.Bf3 Kg6 46.e4 f4 47.gxf4 gxf4 48.h5+ Kf6 49.Bd1 Bd7 50.Bf3 Ke5 51.Kc3 Bh3
52.Kd3 Bf1+ 53.Kc3 h6 54.a4 Bh3 55.Kd3 Bd7 56.Bd1 Be8 57.Bf3 Bxa4 58.Kc3 Be8
59.Kd3 Bf7 60.Bd1 Bg8 61.Bf3 Bh7 62.Bh1 a4 63.Bf3 a3 64.Kc3 Bxe4 65.Bg4 f3
66.Bh3 Kf4 67.Kb3 Kg3 68.Bf1 Bf5 69.Kxa3 Kf2  0-1

[Event "Gibraltar Masters 2019"]
[Site "Caleta ENG"]
[Date "2019.01.26"]
[Round "5.92"]
[White "Semprun Martinez,F"]
[Black "Quillan,G"]
[Result "0-1"]
[WhiteElo "2076"]
[BlackElo "2364"]

1.e4 e6 2.d4 d5 3.Nd2 Nf6 4.e5 Nfd7 5.Bd3 c5 6.c3 Nc6 7.Ne2 cxd4 8.cxd4 f6
9.exf6 Nxf6 10.Nf3 Bd6 11.O-O Qc7 12.h3 O-O 13.Be3 Bd7 14.Re1 Rae8 15.Nc3 Qb8
16.Qd2 a6 17.Rac1 Kh8 18.a3 Nh5 19.Ng5 g6 20.Ne2 Rf6 21.g4 Nf4  0-1

[Event "Gibraltar Masters 2019"]
[Site "Caleta ENG"]
[Date "2019.01.26"]
[Round "5.91"]
[White "Weisbuch,U"]
[Black "Krishna Teja,N"]
[Result "0-1"]
[WhiteElo "2172"]
[BlackElo "2371"]

1.e4 c6 2.d4 d5 3.Nc3 dxe4 4.Nxe4 Bf5 5.Ng3 Bg6 6.h4 h6 7.Nf3 e6 8.Ne5 Bh7
9.Bd3 Bxd3 10.Qxd3 Nd7 11.f4 Be7 12.Bd2 Nxe5 13.fxe5 Bxh4 14.O-O-O Bxg3 15.Qxg3 Ne7
16.Qxg7 Rg8 17.Qh7 Qd5 18.Kb1 Qxg2 19.Rxh6 Qxd2  0-1

[Event "Gibraltar Masters 2019"]
[Site "Caleta ENG"]
[Date "2019.01.26"]
[Round "5.90"]
[White "Koehler,G2"]
[Black "Lombaers,P"]
[Result "0-1"]
[WhiteElo "2184"]
[BlackElo "2372"]

1.c4 Nf6 2.Nc3 g6 3.e4 d6 4.d4 Bg7 5.Be2 O-O 6.Nf3 e5 7.O-O Nc6 8.d5 Ne7
9.Ne1 Nd7 10.Be3 f5 11.f3 f4 12.Bf2 g5 13.Nd3 Nf6 14.c5 Ng6 15.Rc1 Rf7 16.a4 h5
17.cxd6 cxd6 18.Nb5 g4 19.Rc3 h4 20.Qc2 g3 21.Bxa7 Bd7 22.Nxd6 Rxa7 23.Nxf7 Kxf7
24.Nc5 h3 25.Nxd7 Nxd7 26.Bb5 Qb6+ 27.Kh1 hxg2+ 28.Kxg2 Nh4+ 29.Kh3 Qh6 30.hxg3 Ng6+
31.Kg2 fxg3 32.Rh1 Nf4+ 33.Kg1 Qb6+  0-1

[Event "Gibraltar Masters 2019"]
[Site "Caleta ENG"]
[Date "2019.01.26"]
[Round "5.55"]
[White "Gavilan Diaz,M"]
[Black "Krysa,L"]
[Result "0-1"]
[WhiteElo "2357"]
[BlackElo "2499"]

1.e4 e5 2.Nf3 Nc6 3.Bb5 a6 4.Ba4 d6 5.d4 b5 6.Bb3 Nxd4 7.Nxd4 exd4 8.c3 Bb7
9.cxd4 Nf6 10.O-O Be7 11.Re1 O-O 12.Bc2 c5 13.b3 cxd4 14.Nd2 Nd7 15.Nf3 Bf6
16.Nxd4 Rc8 17.Bb2 Qb6 18.Rb1 g6 19.Qd2 Rfe8 20.Nf5 Bxb2 21.Nh6+ Kg7 22.Rxb2 Qc5
23.Bb1 Qh5 24.Qxd6 Ne5 25.f4 Nc6 26.Nf5+ gxf5 27.Re3 Re6 28.Rg3+ Kh8 29.Qd7 Rd8
30.Qxb7 Qd1+ 31.Kf2 Qd4+  0-1

[Event "Gibraltar Masters 2019"]
[Site "Caleta ENG"]
[Date "2019.01.26"]
[Round "5.54"]
[White "Hoolt,S"]
[Black "Tan Zhongyi"]
[Result "0-1"]
[WhiteElo "2358"]
[BlackElo "2502"]

1.e4 c5 2.Nf3 e6 3.d4 cxd4 4.Nxd4 Nc6 5.Nc3 a6 6.Nxc6 bxc6 7.Bd3 d6 8.O-O Nf6
9.Na4 Be7 10.c4 O-O 11.c5 d5 12.exd5 Nxd5 13.b3 Bf6 14.Bb2 Bxb2 15.Nxb2 Qg5
16.Rc1 e5 17.Re1 Nf4 18.Qf3 Rd8 19.h4 Qf6 20.Be4 h5 21.Nc4 Bg4 22.Qe3 Bf5
23.Bxf5 Qxf5 24.Qxe5 Qg4 25.Ne3 Qxh4 26.Rc4 Qxf2+ 27.Kxf2 Nd3+ 28.Ke2 Nxe5
29.Re4 Nd3 30.Rh1 g6 31.g4 hxg4 32.Rxg4 Nxc5 33.Nf5 Re8+ 34.Kf3 Rad8 35.Nh6+ Kg7
36.Nf5+ Kg8 37.Nh6+ Kf8 38.Rf4 Rd3+ 39.Kf2 Rd7 40.Rc4 Nd3+ 41.Kg3 Re3+ 42.Kg2 Ne5
43.Rc2 Rdd3 44.Rh4 Nf3  0-1

[Event "Gibraltar Masters 2019"]
[Site "Caleta ENG"]
[Date "2019.01.26"]
[Round "5.89"]
[White "Anand,N"]
[Black "Priyanka,Nutakki"]
[Result "1/2-1/2"]
[WhiteElo "2373"]
[BlackElo "2195"]

1.e4 e6 2.d4 d5 3.Nd2 c5 4.Ngf3 cxd4 5.Nxd4 Nc6 6.Bb5 Bd7 7.Nxc6 bxc6 8.Bd3 Bd6
9.Qe2 Ne7 10.e5 Bc7 11.Nf3 Ng6 12.O-O f6 13.Bxg6+ hxg6 14.Qd3 Kf7 15.Re1 Rh5
16.g4 Rh8 17.Bf4 Rb8 18.b3 a5 19.c4 a4 20.Bg3 Rb4 21.Rac1 Bb8 22.h4 axb3
23.axb3 Bc8 24.Nd4 dxc4 25.Qc3 Qb6 26.bxc4 Ba7 27.c5 Qxc5 28.Qxc5 Bxc5 29.Nxc6 Rb5
30.exf6 gxf6 31.Nd4 Rb4 32.Nc6 Rb5 33.Na7 Ra5 34.Nxc8 Rxc8 35.Rc2 Rca8 36.Kg2 R8a7
37.Rec1 Be7 38.Rc8 Ra1 39.Rxa1 Rxa1 40.Rc7 Ke8 41.Rc8+ Kf7 42.Rc7 Ke8 43.Rb7 Ra5
44.Bc7 Rd5 45.Bg3 Ra5 46.Rb2 Ra4 47.Rb8+ Kf7 48.h5 gxh5 49.gxh5 Ra5 50.Rb7 Rg5
51.h6 e5 52.Rb6 Rh5 53.Kf3 Bf8 54.Rb7+ Kg6 55.h7 Bg7 56.Re7 Rxh7 57.Kg2 Rh8
58.f4 exf4 59.Bxf4 Ra8 60.Rd7 Kf5 61.Rxg7 Kxf4 62.Rb7 Ra2+ 63.Kf1 f5 64.Rb4+ Kg3
65.Rb3+ Kg4 66.Rb4+ f4 67.Rb3  1/2-1/2

[Event "Gibraltar Masters 2019"]
[Site "Caleta ENG"]
[Date "2019.01.26"]
[Round "5.58"]
[White "Gavrilescu,David"]
[Black "Doluhanova,E"]
[Result "0-1"]
[WhiteElo "2479"]
[BlackElo "2348"]

1.e4 e5 2.Nf3 Nc6 3.Bc4 Bc5 4.d3 Nf6 5.O-O d6 6.c3 O-O 7.Nbd2 a5 8.h3 Be6
9.b3 d5 10.exd5 Bxd5 11.Qc2 Bxc4 12.Nxc4 Qd5 13.Re1 Rfe8 14.Bg5 e4 15.dxe4 Nxe4
16.Rad1 Qf5 17.Be3 Qf6 18.Rd5 Bf8 19.Nfe5 Nxc3 20.Nd7 Qe6 21.Nxf8 Rxf8 22.Rg5 Ne4
23.Rb5 Nb4 24.Rxb4 axb4 25.Bc1 f5 26.f3 b5 27.Nb2 Qb6+ 28.Be3 Qf6 29.fxe4 Rxa2
30.Bc1 fxe4 31.Qxe4 Rxb2 32.Bxb2 Qxb2 33.Qd5+ Kh8 34.Qc5 Qf6 35.Kh1 Qd6 36.Qxd6 cxd6
37.Rd1 Rf6 38.Rd5 Kg8 39.Rxb5 Rf4 40.Rb6 Rd4 41.Rb7 h5 42.Kg1 Kh7 43.Kf1 Kg6
44.Ke2 d5 45.Ke3 Re4+ 46.Kf3 Kf6 47.Rd7 Ke5 48.Rxg7 Kd4 49.Rb7 Re3+ 50.Kf4 Rxb3
51.g4 hxg4 52.hxg4 Rb1 53.g5 b3 54.g6 b2 55.Rb4+ Kc3 56.g7 Rg1 57.Rb7 Rxg7  0-1

[Event "Gibraltar Masters 2019"]
[Site "Caleta ENG"]
[Date "2019.01.26"]
[Round "5.88"]
[White "Shvayger,Y"]
[Black "Logothetis,S"]
[Result "1-0"]
[WhiteElo "2387"]
[BlackElo "2210"]

1.e4 c6 2.d4 d5 3.e5 Bf5 4.Nf3 e6 5.Be2 Ne7 6.O-O Bg6 7.Nbd2 Nf5 8.c4 Nd7
9.cxd5 cxd5 10.Nb3 Be7 11.g4 Nh4 12.Nxh4 Bxh4 13.f4 f5 14.Bd3 O-O 15.g5 h6
16.gxh6 gxh6 17.Qf3 Kh7 18.Kh1 Qe8 19.Qh3 Bd8 20.Be2 Rc8 21.Be3 Bb6 22.Rac1 Qf7
23.Nd2 Rxc1 24.Rxc1 Rg8 25.Nf3 Bh5 26.Ng5+ Rxg5 27.fxg5 Bxe2 28.Qxh6+ Kg8
29.Rc8+ Nf8 30.h4  1-0

[Event "Gibraltar Masters 2019"]
[Site "Caleta ENG"]
[Date "2019.01.26"]
[Round "5.87"]
[White "Pigott,J"]
[Black "Villar,Ju"]
[Result "1-0"]
[WhiteElo "2387"]
[BlackElo "2237"]

1.c4 b6 2.d4 Bb7 3.Nc3 Nf6 4.Qc2 d5 5.Nf3 e6 6.Bg5 Be7 7.Bxf6 Bxf6 8.cxd5 exd5
9.g3 O-O 10.Bg2 Nd7 11.O-O Re8 12.Nb5 Ba6 13.Qa4 Bc8 14.Rac1 c5 15.Rfd1 Be7
16.dxc5 Nxc5 17.Qf4 Ba6 18.Ne5 Bg5 19.Qxf7+ Kh8 20.Nc6 Qf6 21.Qxf6 gxf6 22.Nc7 Bxc1
23.Rxc1 Rac8 24.Nxe8 Rxe8 25.e3 Nd3 26.Rb1 Rc8 27.Bxd5 Rc7 28.Nd4 Nb4 29.Bb3 Bc8
30.Nb5 Re7 31.Rd1 Bf5 32.Nd4 Bg6 33.Ne6 Re8 34.Nf4 Be4 35.Rd4 Nc6 36.Ra4 f5
37.Bd5 b5 38.Rxe4 fxe4 39.Bxc6 Re5 40.Kg2 Kg7 41.b4 Kf6 42.Nd5+ Kf7 43.Nc3  1-0

[Event "Gibraltar Masters 2019"]
[Site "Caleta ENG"]
[Date "2019.01.26"]
[Round "5.39"]
[White "Vazquez Igarza,R"]
[Black "Kavutskiy,K"]
[Result "1/2-1/2"]
[WhiteElo "2567"]
[BlackElo "2424"]

1.d4 Nf6 2.c4 g6 3.Nc3 Bg7 4.g3 O-O 5.Bg2 d6 6.e4 e5 7.Nge2 Nc6 8.d5 Nd4
9.O-O Nxe2+ 10.Qxe2 Nd7 11.Be3 a5 12.a3 b6 13.b4 f5 14.f3 f4 15.Bf2 h5 16.Nb5 g5
17.Rac1 axb4 18.axb4 Nf6 19.c5 bxc5 20.bxc5 Ba6 21.Ra1 fxg3 22.hxg3 Bxb5
23.Qxb5 Rxa1 24.Rxa1 g4 25.cxd6 cxd6 26.Ra7 gxf3 27.Bxf3 Ng4 28.Bxg4 hxg4
29.Kg2 Qg5 30.Qe2 Rb8 31.Ra1 Qg6 32.Qc2 Qf6 33.Qe2 Qg6 34.Qc2 Qf6 35.Qe2  1/2-1/2

[Event "Gibraltar Masters 2019"]
[Site "Caleta ENG"]
[Date "2019.01.26"]
[Round "5.40"]
[White "Moroni,L"]
[Black "Horvath,Dominik"]
[Result "1-0"]
[WhiteElo "2562"]
[BlackElo "2417"]

1.d4 Nf6 2.Bf4 d5 3.e3 e6 4.Nf3 c5 5.Nbd2 Nc6 6.c3 cxd4 7.exd4 Nh5 8.Be3 Bd6
9.Bd3 Nf4 10.Bxf4 Bxf4 11.O-O O-O 12.Re1 Qc7 13.g3 Bh6 14.Nb3 g6 15.h4 f6
16.c4 b6 17.h5 Ne7 18.cxd5 exd5 19.hxg6 Nxg6 20.Bxg6 hxg6 21.Nh4 Kg7 22.Qd3 f5
23.f4 Qd6 24.Nd2 g5 25.fxg5 Bxg5 26.Re5 Bxh4 27.gxh4 Kh8 28.Nf3 Qh6 29.Kf2 Rg8
30.Re7 Qd6 31.Re5 Qh6 32.Rae1 Qf4 33.Qe3 Qxe3+ 34.R1xe3 Bd7 35.Re7 Be8 36.Ng5 Bg6
37.h5 f4 38.R3e6  1-0